LEADER 00889nam a2200205 i 4500 001 000000174203 003 CaOOAMICUS 005 20080822000000.0 008 080822n it u000 u fre u 013 $a151667 040 $aSeMil$bita 100 1 $aVigny, Alfred : de,$d<1797-1863>.$0(OLS)http://semarc/name/9027 245 10$aOeuvre poétique /$cAlfred de Vigny ; notice et annotations par Gauthier-Ferrieres lauréat de l'Académie française. Mort pour la France. 260 $aParigi :$bLarousse,$c[19-?] 300 $a197 p., [4] p. di tav. ;$c21 cm. 700 1 $aGauthier-Ferrieres, Leon Adolphe Desire.$0(OLS)http://semarc/name/65037 850 $aSeMil 852 $aSeMil$W1$xVenegono$y1$m1W IV 87$j125042$B125042$CSeMilBibl$Z2$F135980 $81 996 $6245$aOeuvre poétique$9(OLS)http://semarc/title/119944 996 $6260$aParigi :$bLarousse$9(OLS)http://semarc/publisher/33951 LEADER 00772nam a2200193 i 4500 001 000000257040 003 CaOOAMICUS 005 20180126000000.0 008 180126s1791 it u000 u ita u 013 $a235948 026 $alaia a.m- n-o- lost (3) 1791 (R) 040 $aSeMil$bita 245 10$aTomo 4. 300 $a240 p. 500 $aSegn.: A-P8. 773 0 $aBecattini, Francesco $tVita e fasti di Giuseppe 2. imperatore de' Romani, scritta da un Accademico Apatista e corredata dei necessarj documenti. Tomo 1. [-4.].$dLugano [i.e. Venezia] : A spese della Compagnia, 1790-1791.$g4$w()4906 850 $aSeMil 852 $aSeMil$W1$xVenegono$y1$m3U II 53 FA$j207386$B207386$CSeMilBibl$Z2$F220872 $8I 996 $6245$aTomo 4$9(OLS)http://semarc/title/136909